NANCY DREW - LIGHTS, CAMERA (Record no. 7868)
[ view plain ]
| 000 -LEADER | |
|---|---|
| fixed length control field | 01067nam a22001457a 4500 |
| 020 ## - INTERNATIONAL STANDARD BOOK NUMBER | |
| ISBN | 978-0-689-86570-1 |
| 082 ## - DEWEY DECIMAL CLASSIFICATION NUMBER | |
| Classification number | 823 |
| Item number | KEE/N |
| 100 ## - MAIN ENTRY--AUTHOR NAME | |
| Personal name | KEENE, CAROLYN |
| 245 ## - TITLE STATEMENT | |
| Title | NANCY DREW - LIGHTS, CAMERA |
| 260 ## - PUBLICATION, DISTRIBUTION, ETC. (IMPRINT) | |
| Place of publication | NEW YORK |
| Name of publisher | ALADDIN PAPERBACKS |
| Year of publication | 2004 |
| 300 ## - PHYSICAL DESCRIPTION | |
| Number of Pages | 152 |
| 520 ## - SUMMARY, ETC. | |
| Summary, etc | Nancy becomes involved in a big River Heights crime both onscreen and off. When a series of mysterious occurrences take place while a reenactment of a historic event is being filmed, it's up to Nancy to sniff out the culprit.I'm a detective, not an actor, so who would think I'd be involved in a crime both offscreen and on? A producer has come to River Heights to film a reenactment of the heist that gave our town it's name, and he thinks I'm perfect for the part of Esther, the sister of the thieving Rackham boys. So I figure, why not give it a try? But once the Light, cameras start rolling, the trouble begins. Food poisoning. Broken generators. And worse If I don't sniff out some suspects soon, this might be my final act. |
| 650 ## - SUBJECT ADDED ENTRY--TOPICAL TERM | |
| Topical Term | DETECTIVE |
| Geographic subdivision | UNITED STATES |
| 942 ## - ADDED ENTRY ELEMENTS (KOHA) | |
| Koha item type | Books |
| Withdrawn status | Lost status | Collection code | Home library | Current library | Shelving location | Date acquired | Source of acquisition | Cost, normal purchase price | Full call number | Accession Number | Koha item type |
|---|---|---|---|---|---|---|---|---|---|---|---|
| Fiction | Main Library | Main Library | NEW SHELF WITH NEW ENTRY | 20/11/2023 | purchase | 250.00 | 823 KEE/N | 13445 | Books |